Provincias con más futbolistas internacionales - Estadísticas

Estadísticas generales
  • Esta prueba ha sido intentada 697 veces
  • La puntuación promedio es 11 de 15
Estadísticas de respuestas
Nº de futbolistas internacionales Provincia % Correcto
69 Madrid
100%
78 Barcelona
97%
29 Sevilla
93%
39 Valencia
90%
17 A Coruña
75%
16 Cádiz
71%
60 Asturias
70%
11 Alicante
65%
97 Vizcaya
63%
17 Cantabria
61%
76 Guipuzcoa
58%
18 Las Palmas
57%
15 Pontevedra
57%
29 Navarra
56%
14 Tenerife
51%
No se encontraron pruebas coincidentes
Distribución de puntuación
Porcentaje de gente con cada puntuación
Porcentaje por número respondido
Historial de tus puntuaciones
No has intentado esta prueba.